Kỹ thuật sửa chữa ô tô nâng cao

Quyển sách giới thiệu kiến thức cơ bản về sửa chữa, bảo dưỡng ô tô. Trình bày cấu tạo cơ bản và nguyên lý hoạt động của động cơ, hệ thống điện tử, hộp số, hệ thống phanh, hệ thống thiết bị điện, hệ thống di chuyển và chuyển...

תיאור מלא

שמור ב:
מידע ביבליוגרפי
מחבר ראשי: Đức Huy
פורמט: ספר
שפה:Vietnamese
יצא לאור: H. Bách khoa Hà Nội 2023
נושאים:
תגים: הוספת תג
אין תגיות, היה/י הראשונ/ה לתייג את הרשומה!
Thư viện lưu trữ: Thư viện Trường Đại học Nam Cần Thơ
LEADER 02552nam a22003017a 4500
001 NCT_4_009472
008 240617b xxu||||| |||| 00| 0 vie d
999 |c 8416  |d 8416 
020 |a 9786044710235  |c 195000 
082 0 4 |2 23rd ed.  |a 629.287  |b H523 
100 0 |a Đức Huy 
245 1 0 |a Kỹ thuật sửa chữa ô tô nâng cao  |c Đức Huy 
260 |a H.  |b Bách khoa Hà Nội  |c 2023 
300 |a 440 tr.  |b Ảnh, hình vẽ, bảng  |c 24cm 
520 3 |a Quyển sách giới thiệu kiến thức cơ bản về sửa chữa, bảo dưỡng ô tô. Trình bày cấu tạo cơ bản và nguyên lý hoạt động của động cơ, hệ thống điện tử, hộp số, hệ thống phanh, hệ thống thiết bị điện, hệ thống di chuyển và chuyển hướng 
653 |a Công nghệ kỹ thuật ô tô 
942 |2 ddc  |c BK 
952 |0 0  |1 0  |2 ddc  |4 0  |6 629_287000000000000_H523  |7 0  |9 29050  |a 000001  |b 000001  |d 2024-06-17  |o 629.287 H523  |p MD.22510  |r 2024-06-17  |v 195000.00  |w 2024-06-17  |y BK 
952 |0 0  |1 0  |2 ddc  |4 0  |6 629_287000000000000_H523  |7 0  |9 29051  |a 000001  |b 000001  |d 2024-06-17  |o 629.287 H523  |p MD.22511  |r 2024-06-17  |v 195000.00  |w 2024-06-17  |y BK 
952 |0 0  |1 0  |2 ddc  |4 0  |6 629_287000000000000_H523  |7 0  |9 29052  |a 000001  |b 000001  |d 2024-06-17  |o 629.287 H523  |p MD.22512  |r 2024-06-17  |v 195000.00  |w 2024-06-17  |y BK 
952 |0 0  |1 0  |2 ddc  |4 0  |6 629_287000000000000_H523  |7 0  |9 29053  |a 000001  |b 000001  |d 2024-06-17  |o 629.287 H523  |p MD.22513  |r 2024-06-17  |v 195000.00  |w 2024-06-17  |y BK 
952 |0 0  |1 0  |2 ddc  |4 0  |6 629_287000000000000_H523  |7 0  |9 29054  |a 000001  |b 000001  |d 2024-06-17  |o 629.287 H523  |p MD.22514  |r 2024-06-17  |v 195000.00  |w 2024-06-17  |y BK 
952 |0 0  |1 0  |2 ddc  |4 0  |6 629_287000000000000_H523  |7 0  |9 29055  |a 000001  |b 000001  |d 2024-06-17  |o 629.287 H523  |p MD.22515  |r 2024-06-17  |v 195000.00  |w 2024-06-17  |y BK 
952 |0 0  |1 0  |2 ddc  |4 0  |6 629_287000000000000_H523  |7 0  |9 29056  |a 000001  |b 000001  |d 2024-06-17  |o 629.287 H523  |p MD.22516  |r 2024-06-17  |v 195000.00  |w 2024-06-17  |y BK 
952 |0 0  |1 0  |2 ddc  |4 0  |6 629_287000000000000_H523  |7 0  |9 29057  |a 000001  |b 000001  |d 2024-06-17  |o 629.287 H523  |p MD.22517  |r 2024-06-17  |v 195000.00  |w 2024-06-17  |y BK 
952 |0 0  |1 0  |2 ddc  |4 0  |6 629_287000000000000_H523  |7 0  |9 29058  |a 000001  |b 000001  |d 2024-06-17  |o 629.287 H523  |p MD.22518  |r 2024-06-17  |v 195000.00  |w 2024-06-17  |y BK 
952 |0 0  |1 0  |2 ddc  |4 0  |6 629_287000000000000_H523  |7 0  |9 29229  |a 000001  |b 000001  |d 2024-06-27  |o 629.287 H523  |p MD.22587  |r 2024-06-27  |v 195000.00  |w 2024-06-27  |y BK 
980 |a Thư viện Trường Đại học Nam Cần Thơ